01286nam a2200253 a 450000100100000000500170001000800410002704000250006808200150009310000370010824500490014526000360019430000210023065000290025165000300028065000210031004900090033195201280034095201280046895201280059695201720072495201190089699900170101500001612620250703095052.0100226s1966 dr 000 0 spa d aDO-SdBNPbspacBNPHU a172bG216g1 aGarcía Aybar, José E.93612013aEl Gobernante / :bJosé E. García Aybar. aSanto Domingo :bStella,c1966. a268 p. ;c23 cm. 0aÉtica política91332 0aCiencia política 95772 0aDemocracia 9286 aBNPD 001054708DSaGRbGRcCTd2010-02-26iLF1l0o172 G216gp16126-30r2020-06-25te. 3w2020-06-25yLFDSZPréstamo en sala 001154708DSaGRbGRcMId2010-02-26iLF1l0o172 G216gp16126-40r2020-06-25te. 4w2020-06-25yLFDSZPréstamo en sala 001154708DSaGRbGRcMId2010-02-26iLF1l0o172 G216gp16126-50r2020-06-25te. 5w2020-06-25yLFDSZPréstamo en sala 0010718PDaPDbPDcHDd2010-02-26iLF1l0o172 G216gp16126-10r2020-06-25w2020-06-25yLFPDzPerteneció a la biblioteca personal de Martínez Boog.ZNo se presta 0010718PDaPDbPDcCTd2010-02-26iLF1l0o172 G216gp16126-20r2020-06-25te. 2w2020-06-25yLFPDZNo se presta c15666d15666